000 00308nam a22001457a 4500
008 211018b ||||| |||| 00| 0 eng d
020 _a9781403977434
041 _aeng
080 _a371
082 _a371
100 _a46
101 _aEDU
245 _aWrite to the Top
_cJohnson,W.B
942 _2udc
_cBK
999 _c58236
_d58236